LEADER 01156nam0-2200337---450- 001 990009594670403321 005 20120625135724.0 010 $a978-88-568-3487-1 035 $a000959467 035 $aFED01000959467 035 $a(Aleph)000959467FED01 035 $a000959467 100 $a20120621d2011----km-y0itay50------ba 101 0 $aita 102 $aIT 105 $aa-------001yy 200 1 $a<>formazione per lo sviluppo locale$ela valorizzazione del capitale umano nel settore turistico-alberghiero$fFilippo Ferrari 210 $aMilano$cFrancoAngeli$d2011 215 $a123 p.$cill.$d23 cm 225 1 $aAIF, Associazione italiana formatori$hSez. II$iMetodi strumenti e buone pratiche$v22 300 $aIn copertina: AIF, Associazione italiana formatori 610 0 $aAziende turistiche$aPersonale$aIstruzione professionale 676 $a338.479107155$v22$zita 700 1$aFerrari,$bFilippo$0329338 801 0$aIT$bUNINA$gREICAT$2UNIMARC 901 $aBK 912 $a990009594670403321 952 $aCollez. 2296 (22)$b46708$fFSPBC 959 $aFSPBC 996 $aFormazione per lo sviluppo locale$9844888 997 $aUNINA LEADER 01165nam0-2200325---450 001 990009530220403321 005 20171213093134.0 010 $a88-8334-189-9 035 $a000953022 035 $aFED01000953022 035 $a(Aleph)000953022FED01 035 $a000953022 100 $a20120217d2006----km-y0itay50------ba 101 0 $aita 102 $aIT 105 $aa-------111yy 200 1 $aCittą e vita cittadina nei paesi dell'area mediterranea$esecoli XI-XV$fa cura di Biagio Saitta$eatti del convegno internazionale in onore di Salvatore Tramontana, Adrano-Bronte-Catania-Palermo, 18-22 novembre 2003 210 $aRoma$cViella$d2006 215 $a831 p.$cill.$d24 cm 610 0 $aCittą$aCondizioni economiche e sociali$aPaesi mediterranei$aSec. 11.-15.$aCongressi$a2003 676 $a307.76091822$v22$zita 702 1$aSaitta,$bBiagio$f<1939- > 702 1$aTramontana,$bSalvatore 801 0$aIT$bUNINA$gREICAT$2UNIMARC 901 $aBK 912 $a990009530220403321 952 $a307.76 CIT 2$bDip.Dis.Stor. 12521$fFLFBC 959 $aFLFBC 996 $aCittą e vita cittadina nei paesi dell'area mediterranea$988951 997 $aUNINA